Footballers avec le plus grand palmarès - Statistiques

Statistiques générales
  • Ce quiz a été pris 318 fois
  • Le résultat moyen est 5 sur 10
Statistiques - réponses
Hint Réponse % Correct
45 Lionel Messi
100%
35 Cristiano Ronaldo
96%
39 Andres Iniesta
72%
42 Dani Alves
55%
35 Ryan Giggs
39%
35 Sergio Busquets
32%
36 Gérard Piqué
28%
35 Kenny Dalglish
22%
37 Maxwell
6%
34 Vitor Baia
2%
Aucun quiz correspondant
Distribution des résultats
% des personnes avec chaque résultat
Percentile par nombre de réponses
Votre historique - résultats
Vous n’avez pas pris ce quiz